00528nam a2200193 a 4500001001300000003000900013005001700022008004100039020001000080082001300090100001200103245006900115260004800184300000900232500003500241505003000276650001600306700001200322nice12345678IN_TiNIC20260116011429.0050524s1905 laha grp 000 0 urd  ac10000a239bMUI aMuir, W aShahadat-E-Qurani Bar Kutub-E-Rabbanib Testimony of the Qur`an. aLahorebPunjab Religious Booksociety c1905 a172p aincludes index and biblioraphy2 aDiference Paper and Notes aApologetics1 aMuir, W